Introducción al análisis infinitesimal

Salvato in:
Dettagli Bibliografici
Autori principali: Bertoglio Cortez, Néstor (Autore), Chuaqui Kettlun, Rolando (Autore)
Natura: Libro
Lingua:spagnolo
Pubblicazione: Santiago Universidad Católica de Chile 1994
Serie:Textos Universitarios
Soggetti:
Tags: Aggiungi Tag
Nessun Tag, puoi essere il primo ad aggiungerne!!

MARC

LEADER 00000nam a2200000 a 4500
001 UCY7559
003 CL-VaPUC
008 950614e19940700CL |||||||||||||||||spa|d
082 0 4 |a 515  |b BER  |2 21 
100 0 |a Bertoglio Cortez, Néstor  |e author  |9 338104 
700 0 |a Chuaqui Kettlun, Rolando  |e author  |9 338105 
245 1 0 |a Introducción al análisis infinitesimal 
300 |a 2 v 
942 |c BK 
945 |d 19950614 00:00:00  |a awong 
260 |a Santiago  |b Universidad Católica de Chile  |c 1994 
650 0 |a Cálculo  |9 260234 
650 0 |a Variables  |9 338106 
650 0 |a Funciones   |9 263869 
583 |a last modification  |c 19950614 00:00:00  |k Rodrigo Vera 
490 0 |a Textos Universitarios 
999 |c 234902  |d 234900 
952 |0 0  |1 0  |4 0  |6 515_000000000000000_BER_1994  |7 0  |8 A  |9 241683  |a BIBCUR  |b BIBCUR  |d 2019-11-18  |h v.1  |i 3090191  |o 515 BER 1994  |p 3090191  |r 2025-04-22  |w 2019-11-18  |y BK  |k FIS 
952 |0 0  |1 0  |4 0  |6 515_000000000000000_BER_1994  |7 0  |8 A  |9 241684  |a BIBCUR  |b BIBCUR  |d 2019-11-18  |h v.2  |i 3090205  |l 1  |o 515 BER 1994  |p 3090205  |r 2025-04-22  |s 2025-03-27  |w 2019-11-18  |y BK  |k FIS 
952 |0 0  |1 0  |4 0  |6 515_000000000000000_BER_1994  |7 0  |8 A  |9 241685  |a BIBMAT  |b BIBMAT  |d 2019-11-18  |i 4090527  |o 515 BER 1994  |p 4090527  |r 2025-01-07  |w 2019-11-18  |y BK  |k MAT